[Event "SLO-chT 30th"]
[Site "Gostovanja"]
[Date "2020.10.11"]
[Round "5.3"]
[White "Skuhala, Jernej"]
[Black "Janzekovic, Klemen Tilen"]
[Result "1-0"]
[WhiteElo "2342"]
[BlackElo "2001"]
[PlyCount "97"]
[EventDate "2020.10.02"]
[EventType "team-tourn"]
[EventRounds "5"]
[EventCountry "SLO"]
[SourceTitle "CBM 198 Extra"]
[Source "ChessBase"]
[SourceDate "2020.11.30"]
[SourceVersion "1"]
[SourceVersionDate "2020.11.30"]
[SourceQuality "1"]
[WhiteTeam "Maribor Poligram"]
[BlackTeam "Ptuj"]
[WhiteTeamCountry "SLO"]
[BlackTeamCountry "SLO"]

1. e4 e5 2. Nf3 Nc6 3. Bb5 a6 4. Ba4 Nf6 5. 0-0 Bc5 6. c3 b5 7. Bb3 d6 8. d4 exd4 9. cxd4 Bb6 10. Nc3 0-0 11. h3 Na5 12. Bc2 h6 13. Qe2 Re8 14. e5 Bb7 15. Be3 Bxf3 16. Qxf3 dxe5 17. dxe5 Rxe5 18. Rad1 Qe8 19. Bxh6 gxh6 20. Qxf6 Qe6 21. Qf3 Re8 22. Nd5 Kg7 23. Nf4 Qc6 24. Qd3 Qf6 25. Qh7+ Kf8 26. Rd7 Rg5 27. g4 Qg7 28. Qxg7+ Rxg7 29. Nh5 Rg5 30. Nf6 Re2 31. Rd8+ Kg7 32. Ne8+ Kf8 33. Nf6+ Kg7 34. Bd3 Rxb2 35. Ne4 Re5 36. Ng3 Nc6 37. Ra8 Rxa2 38. Bb1 Ra3 39. Kg2 Kf6 40. f4 Ree3 41. g5+ Ke6 42. Re8+ Kd7 43. Rxe3 Rxe3 44. gxh6 b4 45. Rd1+ Kc8 46. Be4 Rxe4 47. Nxe4 Ne7 48. h7 Ng6 49. Nd6+ 1-0

[Event "SLO-chT 30th"]
[Site "Gostovanja"]
[Date "2020.10.03"]
[Round "2.3"]
[White "Ruzic, Pia Marie"]
[Black "Janzekovic, Klemen Tilen"]
[Result "1-0"]
[WhiteElo "1929"]
[BlackElo "2001"]
[PlyCount "61"]
[EventDate "2020.10.02"]
[EventType "team-tourn"]
[EventRounds "5"]
[EventCountry "SLO"]
[SourceTitle "CBM 198 Extra"]
[Source "ChessBase"]
[SourceDate "2020.11.30"]
[SourceVersion "1"]
[SourceVersionDate "2020.11.30"]
[SourceQuality "1"]
[WhiteTeam "Krsko Triglav"]
[BlackTeam "Ptuj"]
[WhiteTeamCountry "SLO"]
[BlackTeamCountry "SLO"]

1. c4 Nf6 2. Nc3 e6 3. e4 d5 4. cxd5 exd5 5. e5 d4 6. exf6 dxc3 7. Bb5+ c6 8. Qe2+ Be6 9. Bc4 Qxf6 10. dxc3 Bc5 11. Nf3 0-0 12. Bxe6 Qxe6 13. Qxe6 fxe6 14. 0-0 Nd7 15. Re1 Rae8 16. Be3 h6 17. Rad1 Rf7 18. Rxd7 Rxd7 19. Bxc5 b6 20. Bd4 c5 21. Be5 b5 22. c4 b4 23. Kf1 g5 24. h3 a5 25. Ke2 Red8 26. g4 Kf7 27. Rh1 a4 28. Bg3 Kg8 29. Be5 Kf7 30. Re1 Rd3 31. Bc7 1-0

[Event "Maribor Pirc Memorial op 20th"]
[Site "Maribor"]
[Date "2017.07.02"]
[Round "9"]
[White "Janzekovic, Klemen Tilen"]
[Black "Bajo, Tin"]
[Result "0-1"]
[WhiteElo "2033"]
[BlackElo "1893"]
[PlyCount "76"]
[EventDate "2017.06.24"]
[EventType "swiss"]
[EventRounds "9"]
[EventCountry "SLO"]
[SourceTitle "CBM 179 Extra"]
[Source "ChessBase"]
[SourceDate "2017.08.23"]
[SourceVersion "1"]
[SourceVersionDate "2017.08.23"]
[SourceQuality "1"]

1. Nf3 d5 2. c4 e6 3. b3 Nf6 4. Bb2 Be7 5. g3 0-0 6. Bg2 b6 7. 0-0 Bb7 8. e3 c5 9. Qe2 Nbd7 10. Rd1 Qc7 11. Nc3 Rac8 12. Rac1 Rfd8 13. cxd5 exd5 14. d4 Qb8 15. Bh3 Rc7 16. Ne5 Nf8 17. Nb5 Ba6 18. a4 Ne6 19. Qc2 Bxb5 20. axb5 cxd4 21. Nc6 Qa8 22. Qf5 Re8 23. Nxd4 Nxd4 24. Bxd4 Qd8 25. Rc2 Rxc2 26. Qxc2 Ne4 27. Bf5 Bd6 28. Qc6 Bb4 29. Rc1 Nd2 30. Bc3 Bxc3 31. Qxc3 Ne4 32. Qd4 Ng5 33. Kg2 Ne6 34. Qc3 d4 35. Qc6 dxe3 36. fxe3 g6 37. Bxe6 Rxe6 38. Qb7 Qd2+ 0-1

[Event "SLO-ch"]
[Site "Otocec"]
[Date "2016.04.28"]
[Round "6"]
[White "Janzekovic, Klemen Tilen"]
[Black "Urbanc, Peter"]
[Result "1/2-1/2"]
[WhiteElo "1977"]
[BlackElo "2268"]
[PlyCount "92"]
[EventDate "2016.04.23"]
[EventType "swiss"]
[EventRounds "9"]
[EventCountry "SLO"]
[SourceTitle "CBM 172 Extra"]
[Source "ChessBase"]
[SourceDate "2016.06.21"]
[SourceVersion "1"]
[SourceVersionDate "2016.06.21"]
[SourceQuality "1"]

1. e4 b6 2. d4 Bb7 3. Bd3 e6 4. Nf3 d5 5. Qe2 dxe4 6. Bxe4 Bxe4 7. Qxe4 c6 8. c4 Nf6 9. Qe2 Be7 10. Nc3 0-0 11. Bf4 c5 12. Rd1 cxd4 13. Nxd4 Qc8 14. 0-0 Na6 15. Ndb5 Qc5 16. Bd6 Bxd6 17. Nxd6 Qc6 18. Nde4 Nxe4 19. Nxe4 Rad8 20. b3 h6 21. h3 Nc5 22. Nxc5 Qxc5 23. g3 Rfe8 24. Rxd8 Rxd8 25. Rd1 Rd4 26. Rxd4 Qxd4 27. Kg2 g6 28. Qf3 Kg7 29. Qa8 a5 30. Qf3 h5 31. Qe3 Qxe3 32. fxe3 Kf6 33. Kf3 Ke5 34. a3 g5 35. h4 g4+ 36. Ke2 Ke4 37. b4 f5 38. Kf2 Ke5 39. Ke2 Ke4 40. Kf2 a4 41. Ke2 e5 42. b5 f4 43. exf4 exf4 44. gxf4 Kxf4 45. c5 Ke5 46. c6 Kd6 1/2-1/2

[Event "SLO-ch"]
[Site "Otocec"]
[Date "2016.04.26"]
[Round "4"]
[White "Janzekovic, Klemen Tilen"]
[Black "Urbanc, Suzana"]
[Result "1-0"]
[WhiteElo "1977"]
[BlackElo "1651"]
[PlyCount "149"]
[EventDate "2016.04.23"]
[EventType "swiss"]
[EventRounds "9"]
[EventCountry "SLO"]
[SourceTitle "CBM 172 Extra"]
[Source "ChessBase"]
[SourceDate "2016.06.21"]
[SourceVersion "1"]
[SourceVersionDate "2016.06.21"]
[SourceQuality "1"]

1. d4 f5 2. c4 c6 3. Nc3 d5 4. Bf4 e6 5. Nf3 Nf6 6. e3 Bd6 7. Ne5 0-0 8. Bd3 Qe7 9. h4 Nbd7 10. Nxd7 Bxd7 11. Bxd6 Qxd6 12. c5 Qc7 13. f4 h5 14. 0-0 Ng4 15. Qd2 Rf6 16. Be2 Rg6 17. Bf3 Rf8 18. Kh1 Qd8 19. g3 Nxe3 20. Qxe3 Rxg3 21. Rf2 Qxh4+ 22. Rh2 Rh3 23. Rxh3 Qxh3+ 24. Kg1 Rf6 25. Qf2 Rg6+ 26. Bg2 h4 27. Re1 Qg4 28. Kh2 Qg3+ 29. Qxg3 Rxg3 30. Ne2 Rd3 31. Bf1 Kf7 32. Rc1 Kf6 33. Rc3 Rd1 34. Kg2 g5 35. fxg5+ Kxg5 36. Kf2 Rd2 37. Rb3 Bc8 38. Ke1 Rc2 39. Kd1 Rc4 40. Rf3 Rb4 41. b3 e5 42. a3 e4 43. Rc3 Rb5 44. Ng1 a6 45. Nh3+ Kf6 46. Bxb5 axb5 47. Ke2 f4 48. Nxf4 Bg4+ 49. Kf2 Kf5 50. Ng2 Kg5 51. Ne3 Bf3 52. Nf1 Kf4 53. Nh2 b4 54. axb4 Bd1 55. Rh3 Kg5 56. Rc3 Kf4 57. Nf1 Bf3 58. b5 cxb5 59. c6 bxc6 60. Rxc6 h3 61. Rf6+ Kg5 62. Rb6 Kf4 63. Rf6+ Kg5 64. Rf8 b4 65. Rh8 Bg4 66. Ne3 Be6 67. Kg3 Kf6 68. Kf4 Kg7 69. Rh4 Kg6 70. Ke5 Kf7 71. Rh7+ Kg6 72. Rh4 Kg5 73. Rh8 Bf7 74. Nxd5 e3 75. Nxe3 1-0

[Event "Ptuj op 10"]
[Site "Ptuj"]
[Date "2015.10.30"]
[Round "8"]
[White "Janzekovic, Klemen Tilen"]
[Black "Gantar, Jan"]
[Result "0-1"]
[WhiteElo "1933"]
[BlackElo "2165"]
[PlyCount "60"]
[EventDate "2015.10.24"]
[EventType "swiss"]
[EventRounds "9"]
[EventCountry "SLO"]
[SourceTitle "CBM 169 Extra"]
[Source "ChessBase"]
[SourceDate "2015.12.18"]
[SourceVersion "1"]
[SourceVersionDate "2015.12.18"]
[SourceQuality "1"]

1. e4 Nf6 2. e5 Nd5 3. d4 d6 4. Nf3 dxe5 5. Nxe5 c6 6. Be2 Bf5 7. 0-0 Nd7 8. Nf3 h6 9. c4 Nb4 10. Na3 e6 11. Bf4 Be7 12. h3 0-0 13. Qd2 Nf6 14. b3 Ne4 15. Qb2 Qa5 16. Nb1 Ng5 17. Nxg5 hxg5 18. Bd2 Qc7 19. Bxb4 Bxb4 20. c5 Qf4 21. Rd1 Rfd8 22. a3 Bxb1 23. Raxb1 Ba5 24. Qc1 Rxd4 25. Rxd4 Qxd4 26. Qxg5 Qe4 27. Rb2 Bc3 28. Qc1 Bxb2 29. Qxb2 Rd8 30. Bf3 Qd4 0-1

[Event "SLO-chT 25th"]
[Site "Otocec"]
[Date "2015.10.16"]
[Round "1"]
[White "Janzekovic, Klemen Tilen"]
[Black "Justin, Matjaz"]
[Result "1-0"]
[WhiteElo "1933"]
[BlackElo "2287"]
[PlyCount "73"]
[EventDate "2015.10.16"]
[EventType "team-tourn"]
[EventRounds "9"]
[EventCountry "SLO"]
[SourceTitle "EXT 2020"]
[Source "ChessBase"]
[SourceDate "2019.10.17"]
[SourceVersion "1"]
[SourceVersionDate "2019.10.17"]
[SourceQuality "1"]
[WhiteTeam "Ptuj"]
[BlackTeam "Vrhnika"]
[WhiteTeamCountry "SLO"]
[BlackTeamCountry "SLO"]

1. e4 c5 2. c3 d5 3. exd5 Qxd5 4. d4 e6 5. Nf3 Nf6 6. Na3 Nc6 7. Nb5 Qd7 8. dxc5 Bxc5 9. Qxd7+ Kxd7 10. Bf4 Nd5 11. Rd1 Ke7 12. Bg3 a6 13. Nc7 Nxc7 14. Bxc7 f6 15. b4 Ba7 16. Bd6+ Kf7 17. Bc4 Rd8 18. Ke2 Nd4+ 19. Nxd4 Rxd6 20. Rd3 Bxd4 21. Rxd4 Rxd4 22. cxd4 Ke7 23. Bd3 h6 24. Rc1 Kd6 25. Be4 Rb8 26. f4 Bd7 27. Ke3 b6 28. Rc3 a5 29. bxa5 bxa5 30. Ra3 a4 31. Bc2 Rb4 32. Rc3 Bc6 33. a3 Rb2 34. g3 Ra2 35. h4 Ra1 36. Kf2 Rh1 37. Rxc6+ 1-0

[Event "Ptuj op"]
[Site "Ptuj"]
[Date "2015.08.03"]
[Round "1"]
[White "Sebenik, Matej"]
[Black "Janzekovic, Klemen Tilen"]
[Result "1-0"]
[WhiteElo "2528"]
[BlackElo "1911"]
[PlyCount "55"]
[EventDate "2015.08.03"]
[EventType "swiss"]
[EventRounds "9"]
[EventCountry "SLO"]
[SourceTitle "CBM 167 Extra"]
[Source "ChessBase"]
[SourceDate "2015.09.14"]
[SourceVersion "1"]
[SourceVersionDate "2015.09.14"]
[SourceQuality "1"]

1. d4 Nf6 2. c4 g6 3. Nc3 Bg7 4. e4 d6 5. Nf3 0-0 6. Be2 e5 7. Be3 Ng4 8. Bg5 f6 9. Bh4 Qe8 10. h3 Nh6 11. 0-0 Nc6 12. dxe5 dxe5 13. Nd5 Qf7 14. b4 a5 15. b5 Nd8 16. c5 Kh8 17. Rc1 g5 18. Bg3 Ne6 19. c6 b6 20. Nh2 Rd8 21. Bh5 Qf8 22. Ng4 Nxg4 23. Bxg4 Nd4 24. Nxc7 Ra7 25. Bxc8 Rxc7 26. Bd7 Qa3 27. Qxd4 exd4 28. Bxc7 1-0

[Event "Ptuj op"]
[Site "Ptuj"]
[Date "2014.08.21"]
[Round "8"]
[White "Bohak, Janko"]
[Black "Janzekovic, Klemen Tilen"]
[Result "1/2-1/2"]
[WhiteElo "2016"]
[BlackElo "1864"]
[PlyCount "25"]
[EventDate "2014.08.15"]
[EventType "swiss"]
[EventRounds "9"]
[EventCountry "SLO"]
[SourceTitle "CBM 161 Extra"]
[Source "ChessBase"]
[SourceDate "2014.08.29"]
[SourceVersion "1"]
[SourceVersionDate "2014.08.29"]
[SourceQuality "1"]

1. Nf3 Nc6 2. c4 Nf6 3. Nc3 e5 4. d3 d5 5. cxd5 Nxd5 6. g3 Nb6 7. Bg2 Be7 8. 0-0 Be6 9. a4 a5 10. Be3 0-0 11. Ne4 Bd5 12. Nc3 Be6 13. Ne4 1/2-1/2

[Event "SLO-ch U20"]
[Site "Smarjeske Toplice"]
[Date "2014.06.28"]
[Round "7"]
[White "Zagorsek, David"]
[Black "Janzekovic, Klemen Tilen"]
[Result "1/2-1/2"]
[WhiteElo "1768"]
[BlackElo "1851"]
[PlyCount "152"]
[EventDate "2014.06.24"]
[EventType "swiss"]
[EventRounds "9"]
[EventCountry "SLO"]
[SourceTitle "EXT 2019"]
[Source "ChessBase"]
[SourceDate "2018.10.10"]
[SourceVersion "1"]
[SourceVersionDate "2018.10.10"]
[SourceQuality "1"]

1. e4 e5 2. Nf3 Nc6 3. Bb5 Nge7 4. Nc3 g6 5. d4 exd4 6. Nd5 Bg7 7. Bg5 h6 8. Bf6 Bxf6 9. Nxf6+ Kf8 10. 0-0 Kg7 11. Nd5 a6 12. Bc4 b5 13. Bb3 d6 14. Nxd4 Bb7 15. Qd2 Ne5 16. f4 Bxd5 17. Bxd5 Nxd5 18. fxe5 Nb6 19. e6 f6 20. Rae1 Nc4 21. Qf4 Ne5 22. Re3 c5 23. Nf5+ gxf5 24. Rg3+ Kf8 25. Qxf5 Qe7 26. Rg6 Ke8 27. Rxf6 Kd8 28. Qh5 Kc8 29. Qh4 Re8 30. Qf4 Kc7 31. Qd2 Rf8 32. Rxh6 Rxf1+ 33. Kxf1 Rf8+ 34. Kg1 Rg8 35. Kh1 Ng4 36. Rh5 Rf8 37. Qe2 Rf2 38. Qe1 Kb6 39. h3 Qf6 40. Kg1 Qd4 41. Kh1 Nf6 42. e7 Rd2 43. Rd5 Nxd5 44. e8Q Rd1 45. Qb8+ Kc6 46. exd5+ Kd7 47. Qb7+ Kd8 48. Qb6+ Kd7 49. Qc6+ Kd8 50. Qxd6+ Kc8 51. Qxa6+ Kc7 52. d6+ Kd7 53. Qxb5+ Kxd6 54. Qbe2 Rxe1+ 55. Qxe1 Qxb2 56. Qd2+ Kc6 57. a4 Qa1+ 58. Kh2 Qxa4 59. g4 Qa1 60. Qh6+ Kb5 61. Qe3 Qf6 62. Kg3 Qd6+ 63. Kh4 Qf6+ 64. g5 Qh8+ 65. Kg3 c4 66. g6 Kb4 67. h4 Qf6 68. h5 Qd6+ 69. Kg4 Qd1+ 70. Qf3 Qd7+ 71. Qf5 Qd1+ 72. Kg5 Qd8+ 73. Kg4 Qd1+ 74. Kh4 Qd4+ 75. Kg5 Qd8+ 76. Kg4 Qd1+ 1/2-1/2

[Event "SLO-ch U20"]
[Site "Smarjeske Toplice"]
[Date "2014.06.26"]
[Round "4"]
[White "Janzekovic, Klemen Tilen"]
[Black "Znidaric, Anze"]
[Result "1/2-1/2"]
[WhiteElo "1851"]
[BlackElo "1941"]
[PlyCount "60"]
[EventDate "2014.06.24"]
[EventType "swiss"]
[EventRounds "9"]
[EventCountry "SLO"]
[SourceTitle "EXT 2019"]
[Source "ChessBase"]
[SourceDate "2018.10.10"]
[SourceVersion "1"]
[SourceVersionDate "2018.10.10"]
[SourceQuality "1"]

1. e4 c5 2. Nc3 d6 3. g3 Nc6 4. Bg2 g6 5. f4 Bg7 6. d3 e6 7. Nf3 Nge7 8. 0-0 0-0 9. Be3 Rb8 10. Rb1 b5 11. g4 b4 12. Ne2 f5 13. g5 Qa5 14. Nd2 Ba6 15. Nb3 Qc7 16. e5 dxe5 17. Nxc5 Bc8 18. h3 Nd5 19. Bxd5 exd5 20. fxe5 Nxe5 21. Nf4 Qc6 22. Nb3 a6 23. Nd4 Qd6 24. Qd2 Nc6 25. Qf2 Re8 26. Nxc6 Qxc6 27. Bd4 Bxd4 28. Qxd4 Bb7 29. Rbe1 a5 30. h4 Qd7 1/2-1/2

[Event "SLO-ch U20"]
[Site "Smarjeske Toplice"]
[Date "2014.06.25"]
[Round "3"]
[White "Urbanc, Peter"]
[Black "Janzekovic, Klemen Tilen"]
[Result "1/2-1/2"]
[WhiteElo "2103"]
[BlackElo "1851"]
[PlyCount "117"]
[EventDate "2014.06.24"]
[EventType "swiss"]
[EventRounds "9"]
[EventCountry "SLO"]
[SourceTitle "EXT 2019"]
[Source "ChessBase"]
[SourceDate "2018.10.10"]
[SourceVersion "1"]
[SourceVersionDate "2018.10.10"]
[SourceQuality "1"]

1. d4 Nf6 2. c4 g6 3. Nc3 Bg7 4. e4 d6 5. h3 0-0 6. Be3 e5 7. d5 Ne8 8. g4 f5 9. gxf5 gxf5 10. exf5 Bxf5 11. Nge2 Nd7 12. Ng3 e4 13. Nxf5 Rxf5 14. Rg1 Ne5 15. Be2 Qh4 16. Qc2 Nf6 17. 0-0-0 Kh8 18. Bg4 Nexg4 19. hxg4 Re5 20. Bd4 Re7 21. g5 Nd7 22. Bxg7+ Kxg7 23. Rde1 Nc5 24. Kb1 Rf8 25. Re2 Nd3 26. g6 Qh2 27. Rd1 Rxf2 28. gxh7 Rxe2 29. Nxe2 Kxh7 30. a3 Rf7 31. Rxd3 exd3 32. Qxd3+ Kg7 33. Nd4 Qh7 34. Ne6+ Kf6 35. Qxh7 Rxh7 36. Nd8 b6 37. Kc2 a5 38. Kb3 Ke5 39. Ka4 Rh2 40. b4 Rh4 41. Kb5 axb4 42. axb4 Kd4 43. Ne6+ Kc3 44. Nxc7 Rxc4 45. Kxb6 Kxb4 46. Nb5 Rc5 47. Nxd6 Rxd5 48. Kc6 Rh5 49. Ne4 Re5 50. Nd6 Kc3 51. Nf7 Rf5 52. Nd6 Rh5 53. Nb5+ Kc4 54. Nd6+ Kd4 55. Nb5+ Ke4 56. Nd6+ Ke5 57. Nc4+ Ke6 58. Nb6 Ra5 59. Nd7 1/2-1/2

[Event "SLO-ch U20"]
[Site "Smarjeske Toplice"]
[Date "2014.06.24"]
[Round "2"]
[White "Brcar, Ales"]
[Black "Janzekovic, Klemen Tilen"]
[Result "1-0"]
[WhiteElo "2050"]
[BlackElo "1851"]
[PlyCount "61"]
[EventDate "2014.06.24"]
[EventType "swiss"]
[EventRounds "9"]
[EventCountry "SLO"]
[SourceTitle "EXT 2019"]
[Source "ChessBase"]
[SourceDate "2018.10.10"]
[SourceVersion "1"]
[SourceVersionDate "2018.10.10"]
[SourceQuality "1"]

1. Nf3 Nf6 2. c4 g6 3. b4 Bg7 4. Bb2 0-0 5. g3 d5 6. cxd5 Nxd5 7. Bxg7 Kxg7 8. Qb3 Na6 9. a3 c5 10. b5 Nac7 11. Bg2 b6 12. d4 cxd4 13. Nxd4 Bb7 14. 0-0 e5 15. Nc6 Bxc6 16. bxc6 Nf6 17. Nc3 Qe7 18. a4 Ne6 19. a5 Nd4 20. Qc4 Rab8 21. Nb5 Nxb5 22. Qxb5 Rfc8 23. Rab1 Qc7 24. Qa4 bxa5 25. Rb7 Rxb7 26. cxb7 Rd8 27. Qc6 Qb6 28. Qxb6 axb6 29. Rc1 Rf8 30. Rc7 Kh6 31. Rc8 1-0

[Event "SLO-chT2 East"]
[Site "Slovenia"]
[Date "2013.10.26"]
[Round "5"]
[White "Janzekovic, Klemen Tilen"]
[Black "Kosak, Marjan"]
[Result "1-0"]
[WhiteElo "1852"]
[BlackElo "1803"]
[PlyCount "71"]
[EventDate "2013.09.07"]
[EventType "team-tourn"]
[EventRounds "9"]
[EventCountry "SLO"]
[SourceTitle "EXT 2015"]
[Source "ChessBase"]
[SourceDate "2014.11.20"]
[SourceVersion "1"]
[SourceVersionDate "2014.11.20"]
[SourceQuality "1"]

1. e4 e6 2. d4 d5 3. Nd2 dxe4 4. Nxe4 Nd7 5. Bd3 Ngf6 6. Nf3 Nxe4 7. Bxe4 Nf6 8. Bg5 h6 9. Bxf6 Qxf6 10. 0-0 Bd6 11. c4 c6 12. c5 Bc7 13. Re1 0-0 14. Qa4 Bd7 15. b4 Rfd8 16. Qb3 a6 17. a4 Be8 18. Bd3 Kf8 19. Bc4 b5 20. Bd3 Rdb8 21. axb5 cxb5 22. Be4 Ra7 23. Ra2 Bd7 24. Qc3 Bc8 25. Ne5 Bxe5 26. dxe5 Qe7 27. Rd1 Bb7 28. c6 Bc8 29. Rd6 f5 30. Bf3 g5 31. h3 Rc7 32. Rad2 Kg7 33. Qc5 Kg6 34. g4 Kg7 35. Rd7 Rxd7 36. Rxd7 1-0

[Event "Wch U18"]
[Site "Maribor"]
[Date "2012.11.17"]
[Round "10.52"]
[White "Oberholzer, Francois"]
[Black "Janzekovic, Klemen Tilen"]
[Result "1/2-1/2"]
[WhiteElo "1860"]
[BlackElo "1905"]
[PlyCount "99"]
[EventDate "2012.11.08"]
[EventType "swiss"]
[EventRounds "11"]
[EventCountry "SLO"]
[SourceTitle "EXT 2013"]
[Source "ChessBase"]
[SourceDate "2012.11.22"]
[SourceVersion "1"]
[SourceVersionDate "2012.11.22"]
[SourceQuality "1"]

1. e4 e5 2. Nf3 Nc6 3. Bb5 Nge7 4. 0-0 g6 5. c3 Bg7 6. d4 exd4 7. cxd4 a6 8. Ba4 b5 9. Bc2 d6 10. h3 0-0 11. a4 b4 12. a5 Rb8 13. Be3 d5 14. Nbd2 dxe4 15. Nxe4 Rb5 16. Bd3 Rxa5 17. Rxa5 Nxa5 18. Qa4 Nac6 19. Bg5 Nxd4 20. Nxd4 Bxd4 21. Qxb4 c5 22. Nxc5 Nc6 23. Qd2 Qd5 24. Ne4 Bf5 25. Re1 Rb8 26. Bc2 Qa5 27. Qe2 Bxe4 28. Bd2 Qc5 29. Bxe4 Rxb2 30. Kf1 Ne5 31. Rc1 Qxc1+ 32. Bxc1 Rxe2 33. Kxe2 Bb6 34. f4 Nd7 35. f5 Nc5 36. Bc2 Kf8 37. fxg6 fxg6 38. h4 Ne6 39. Kd3 Bf2 40. h5 gxh5 41. Bh6+ Ke7 42. Kc4 Bg3 43. Bxh7 Bf4 44. Bxf4 Nxf4 45. g3 Ne2 46. Bg6 Nxg3 47. Bxh5 Kd6 48. Be8 Ne4 49. Kb4 Nf6 50. Bf7 1/2-1/2